Flags of Countries who Hosted the Winter Olympics - Statistics

General Stats
  • This quiz has been taken 62 times
  • The average score is 12 of 12
Answer Stats
Picture Hint Answer % Correct
1964, 1976 Austria
100%
1924, 1968, 1992 France
100%
1956, 2006 Italy
100%
1972, 1998 Japan
100%
1952, 1994 Norway
100%
1928, 1948 Switzerland
100%
1932, 1960, 1980, 2002 United States
100%
1988, 2010 Canada
98%
2014 Russia
96%
2018 South Korea
96%
1936 Nazi Germany
90%
1984 Yugoslavia
80%
No matching quizzes found
Score Distribution
Percent of People with Each Score
Percentile by Number Answered
Your Score History
You have not taken this quiz